Normal view
MARC view
Entry Topical Term
001 - CONTROL NUMBER
- control field: 25645
003 - CONTROL NUMBER IDENTIFIER
- control field: OSt
005 - DATE AND TIME OF LATEST TRANSACTION
- control field: 20210724113934.0
008 - FIXED-LENGTH DATA ELEMENTS
- fixed length control field: 210724|| aca||aabn | a|a d
040 ## - CATALOGING SOURCE
- Original cataloging agency: OSt
- Transcribing agency: OSt
150 ## - HEADING--TOPICAL TERM
- Topical term or geographic name entry element: Access health care, Crisis, Subjective/objective indicators, Lithuania, Spain
670 ## - SOURCE DATA FOUND
- Source citation: Work cat.: (OSt): Doblytė, Sigita, and Guillén, Ana M. 25644, Access compromised? The impact of healthcare reforms under austerity in Lithuania and Spain
